00311nam a2200121Ia 4500008004100000020002200041041000800063082002100071100002100092245003200113260003500145300000900180230519s9999 xx 000 0 und d a978-0-323-03031-1 aeng a615.1/MUL/DB0542 aMulholland Joyce aThe Nurse The Math The Meds bMosby ElsevieraSt Louisc2007 a618p